Statistics for Name the Capital by the Biggest City in the State

Click here to take the quiz!

General Stats

  • This quiz has been taken 23 times
  • The average score is 20 of 31

Answer Stats

Biggest CityCapital% Correct
HoustonAustin
87%
Las VegasCarson City
83%
PortlandAugusta
78%
PhiladelphiaHarrisburg
78%
AnchorageJuneau
78%
CharlotteRaleigh
78%
Los AngelesSacramento
78%
New YorkAlbany
74%
BaltimoreAnnapolis
74%
DetroitLansing
74%
SeattleOlympia
74%
Virginia BeachRichmond
74%
AlbuquerqueSanta Fe
74%
Kansas CityJefferson City
70%
JacksonvilleTallahassee
70%
MinneapolisSaint Paul
65%
PortlandSalem
65%
ChicagoSpringfield
65%
BillingsHelena
61%
OmahaLincoln
61%
MilwaukeeMadison
61%
NewarkTrenton
57%
WilmingtonDover
52%
LexingtonFrankfort
52%
BirminghamMontgomery
52%
WichitaTopeka
52%
FargoBismarck
48%
Sioux FallsPierre
43%
ManchesterConcord
39%
BridgeportHartford
39%
BurlingtonMontpelier
39%

Score Distribution

Percentile by Number Answered

Percent of People with Each Score

Your Score History

You have not taken this quiz